| Поле | Название | Значение |
| |
Тип записи |
a |
| |
Библиографический уровень |
m |
| 001 |
Контрольный номер |
RU/URAIT/585747 |
| 005 |
Дата корректировки |
20260429163636.0 |
| 008 |
Кодируемые данные |
260429s2026 RU y f j 000 0 rus u |
| 020 |
Индекс ISBN |
__ |
| a |
ISBN |
978-5-534-20750-7 |
| c |
Цена, тираж |
989.00 |
| 040 |
Источник каталогиз. |
__ |
| a |
Служба первич. каталог. |
ИКО Юрайт |
| c |
Служба, преобразующая запись |
ИКО Юрайт |
| e |
Правила каталог. |
RCR |
| 041 |
Код языка издания |
__ |
| a |
Код языка текста |
rus |
| 044 |
Код страны публикации |
__ |
| a |
Код страны публикации |
RU |
| 080 |
Индекс УДК |
__ |
| a |
Индекс УДК |
550.84(075.8) |
| 084 |
Индекс другой классификации/Индекс ББК |
__ |
| 2 |
Источник индекса |
rubbk |
| a |
Индекс другой классификации/Индекс ББК |
26.3я73 |
| 100 |
Автор |
__ |
| a |
Автор |
Буланов В. А. |
| q |
Полное имя |
Буланов Владимир Александрович |
| 245 |
Заглавие |
__ |
| a |
Заглавие |
Геохимические методы поисков месторождений полезных ископаемых |
| b |
Продолж. заглавия |
учебное пособие для вузов |
| c |
Ответственность |
В. А. Буланов, С. А. Сасим. |
| 250 |
Сведения об издании |
__ |
| g |
|
пер. и доп |
| a |
Основные сведения об издании |
2-е изд. |
| 256 |
Характеристики компьютерного файла |
__ |
| a |
Характеристики компьютерного файла |
Электрон. дан. |
| 260 |
Выходные данные |
__ |
| a |
Место издания |
Москва |
| b |
Издательство |
Юрайт |
| c |
Дата издания |
2026 |
| 300 |
Физическое описание |
__ |
| a |
Объем |
164 с |
| 440 |
Серия |
__ |
| a |
Серия |
Высшее образование |
| 500 |
Примечания |
__ |
| a |
Примечание |
URL: https://urait.ru/bcode/585747 (дата обращения: 29.04.2026). |
| 520 |
Аннотация |
__ |
| a |
Аннотация |
В курсе рассмотрены основные черты применяемых геохимических методов поисков полезных ископаемых, Представлены не только общие теоретические данные, но и подробно освещена практическая сторона проведения исследований. Материал данного курса поможет будущим специалистам освоить основы практического применения геохимических методов, способствующих наиболее результативному поиску полезных ископаемых. Для студентов высших учебных заведений, обучающихся техническим направлениям, аспирантов, преподавателей. |
| 538 |
Прим. о системных особенностях |
__ |
| a |
Прим. о системных особенностях |
Режим доступа: Электронно-библиотечная система Юрайт, для авториз. пользователей |
| 653 |
Ключевые слова |
__ |
| a |
Ключевые слова |
Физическая география. Геология. Почвоведение |
| 653 |
Ключевые слова |
__ |
| a |
Ключевые слова |
Естественные науки |
| 653 |
Ключевые слова |
__ |
| a |
Ключевые слова |
Геохимия |
| 653 |
Ключевые слова |
__ |
| a |
Ключевые слова |
Геология и геохимия нефти и газа |
| 653 |
Ключевые слова |
__ |
| a |
Ключевые слова |
Геохимические методы поисков месторождений полезных ископаемых |
| 653 |
Ключевые слова |
__ |
| a |
Ключевые слова |
Геохимия окружающей среды |
| 653 |
Ключевые слова |
__ |
| a |
Ключевые слова |
Методика минералого-геохимических исследований |
| 653 |
Ключевые слова |
__ |
| a |
Ключевые слова |
Изотопная геохимия |
| 653 |
Ключевые слова |
__ |
| a |
Ключевые слова |
Геология и геохимия горючих ископаемых |
| 653 |
Ключевые слова |
__ |
| a |
Ключевые слова |
Общая геохимия |
| 653 |
Ключевые слова |
__ |
| a |
Ключевые слова |
Прикладная геохимия |
| 653 |
Ключевые слова |
__ |
| a |
Ключевые слова |
Геохимическое моделирование |
| 653 |
Ключевые слова |
__ |
| a |
Ключевые слова |
Геохимия в нефтяной геологии |
| 653 |
Ключевые слова |
__ |
| a |
Ключевые слова |
Геохимия нефти и газа |
| 653 |
Ключевые слова |
__ |
| a |
Ключевые слова |
Геохимия осадочного процесса |
| 653 |
Ключевые слова |
__ |
| a |
Ключевые слова |
Изотопно-геохимические методы исследований горных пород |
| 653 |
Ключевые слова |
__ |
| a |
Ключевые слова |
Методы поиска и оценки месторождений полезных ископаемых |
| 653 |
Ключевые слова |
__ |
| a |
Ключевые слова |
Органическая геохимия |
| 653 |
Ключевые слова |
__ |
| a |
Ключевые слова |
Прикладная органическая геохимия |
| 653 |
Ключевые слова |
__ |
| a |
Ключевые слова |
Геохимия биосферы |
| 653 |
Ключевые слова |
__ |
| a |
Ключевые слова |
Геохимия подземных вод |
| 653 |
Ключевые слова |
__ |
| a |
Ключевые слова |
Геохимический анализ |
| 653 |
Ключевые слова |
__ |
| a |
Ключевые слова |
Геолого-промышленная оценка месторождений |
| 653 |
Ключевые слова |
__ |
| a |
Ключевые слова |
Предпроектные исследования минерального сырья |
| 653 |
Ключевые слова |
__ |
| a |
Ключевые слова |
Основы геохимии |
| 653 |
Ключевые слова |
__ |
| a |
Ключевые слова |
Поиски, разведка и освоение месторождений углеводородов |
| 653 |
Ключевые слова |
__ |
| a |
Ключевые слова |
Геохимические методы поисков МПИ |
| 653 |
Ключевые слова |
__ |
| a |
Ключевые слова |
Основы поисков и разведки МПИ |
| 653 |
Ключевые слова |
__ |
| a |
Ключевые слова |
Геохимия углеводородных систем |
| 653 |
Ключевые слова |
__ |
| a |
Ключевые слова |
Геохимические исследования при поисках нефти и газа |
| 653 |
Ключевые слова |
__ |
| a |
Ключевые слова |
геохимические исследования при поисках твердых полезных ископаемых |
| 653 |
Ключевые слова |
__ |
| a |
Ключевые слова |
Геология и геохимия нефтегазовых месторождений |
| 653 |
Ключевые слова |
__ |
| a |
Ключевые слова |
Геохимические методы поисков |
| 653 |
Ключевые слова |
__ |
| a |
Ключевые слова |
Геохимия литосферы |
| 653 |
Ключевые слова |
__ |
| a |
Ключевые слова |
Геохимия стабильных изотопов |
| 653 |
Ключевые слова |
__ |
| a |
Ключевые слова |
Минералогия и геохимия месторождений полезных ископаемых |
| 653 |
Ключевые слова |
__ |
| a |
Ключевые слова |
Методы поисков осадочных месторождений |
| 653 |
Ключевые слова |
__ |
| a |
Ключевые слова |
Геохимия нефти |
| 653 |
Ключевые слова |
__ |
| a |
Ключевые слова |
Геохимические методы поисков месторождений углеводородов |
| 653 |
Ключевые слова |
__ |
| a |
Ключевые слова |
Изотопно-геохимические исследования |
| 653 |
Ключевые слова |
__ |
| a |
Ключевые слова |
Прогнозирование и поиски месторождений полезных ископаемых |
| 653 |
Ключевые слова |
__ |
| a |
Ключевые слова |
Геохимические аспекты углеводородных систем |
| 653 |
Ключевые слова |
__ |
| a |
Ключевые слова |
Геохимический анализ в нефтегазовой геологии |
| 653 |
Ключевые слова |
__ |
| a |
Ключевые слова |
Интерпретация и подготовка результатов геохимических исследований при моделировании углеводородных систем |
| 653 |
Ключевые слова |
__ |
| a |
Ключевые слова |
Геохимические исследования и методы при поисках и разведке залежей нефти и газа |
| 653 |
Ключевые слова |
__ |
| a |
Ключевые слова |
Прикладная геохимия и геохимические методы поисков месторождений полезных ископаемых |
| 653 |
Ключевые слова |
__ |
| a |
Ключевые слова |
Геохимия. Общие вопросы |
| 653 |
Ключевые слова |
__ |
| a |
Ключевые слова |
Геохимические методы поисков и разведки полезных ископаемых |
| 653 |
Ключевые слова |
__ |
| a |
Ключевые слова |
Поиски и разведка угольных месторождений |
| 653 |
Ключевые слова |
__ |
| a |
Ключевые слова |
Геология месторождений углеводородного сырья |
| 653 |
Ключевые слова |
__ |
| a |
Ключевые слова |
Геохимические исследования при поисках и разведке нефти и газа |
| 653 |
Ключевые слова |
__ |
| a |
Ключевые слова |
Геохимия пород нефтегазовых бассейнов |
| 653 |
Ключевые слова |
__ |
| a |
Ключевые слова |
Системы разработки месторождений |
| 653 |
Ключевые слова |
__ |
| a |
Ключевые слова |
Геохимия изотопов |
| 653 |
Ключевые слова |
__ |
| a |
Ключевые слова |
Геохимия криогенных систем |
| 653 |
Ключевые слова |
__ |
| a |
Ключевые слова |
Геохимические поиски и методы прогноза месторождений нефти и газа |
| 653 |
Ключевые слова |
__ |
| a |
Ключевые слова |
Геология и геохимия природных резервуаров |
| 653 |
Ключевые слова |
__ |
| a |
Ключевые слова |
Геохимические методы исследования месторождений нефти и газа |
| 653 |
Ключевые слова |
__ |
| a |
Ключевые слова |
Геохимия природных резервуаров |
| 653 |
Ключевые слова |
__ |
| a |
Ключевые слова |
Геохимия стратегических металлов |
| 653 |
Ключевые слова |
__ |
| a |
Ключевые слова |
Особенности разведки и разработки месторождений полезных ископаемых |
| 653 |
Ключевые слова |
__ |
| a |
Ключевые слова |
Геология и геохимия горючих полезных ископаемых |
| 653 |
Ключевые слова |
__ |
| a |
Ключевые слова |
Геология и геохимия полезных ископаемых |
| 653 |
Ключевые слова |
__ |
| a |
Ключевые слова |
Геохимические исследования при поисках месторождений нефти и газа |
| 700 |
Другие авторы |
__ |
| a |
Другие авторы |
Сасим С. А. |
| q |
Полное имя |
Сасим Сергей Александрович |
| 856 |
Электронный адрес документа |
40 |
| n |
Местонахождение сервера |
Юрайт |
| g |
|
Электронная книга |
| q |
Тип электронного формата |
html |
| h |
Имя пользователя |
ЮРАЙТ |
| v |
Часы доступа к ресурсу |
20271231 |
| 2 |
Способ доступа |
Показать документ |
| x |
Служебное примечание |
https://urait.ru/book/cover/6EEAC616-CB17-4C92-9516-C1769E4187E4 |
| u |
URL |
https://urait.ru/bcode/585747 |
| 856 |
Электронный адрес документа |
48 |
| q |
Тип электронного формата |
cover |
| u |
URL |
https://urait.ru/book/cover/6EEAC616-CB17-4C92-9516-C1769E4187E4 |
| 911 |
|
__ |
| u |
|
0030=https://urait.ru/bcode/585747 |
| 911 |
|
__ |
| u |
|
073a=9785534207507 |
| u |
|
073d=989.00 |
| 911 |
|
__ |
| u |
|
106a=s |
| 911 |
|
__ |
| u |
|
900l= |
| 952 |
Тип литературы |
__ |
| i |
Дисциплина |
Геохимия |
| 952 |
Тип литературы |
__ |
| i |
Дисциплина |
Геология и геохимия нефти и газа |
| 952 |
Тип литературы |
__ |
| i |
Дисциплина |
Геохимические методы поисков месторождений полезных ископаемых |
| 952 |
Тип литературы |
__ |
| i |
Дисциплина |
Геохимия окружающей среды |
| 952 |
Тип литературы |
__ |
| i |
Дисциплина |
Методика минералого-геохимических исследований |
| 952 |
Тип литературы |
__ |
| i |
Дисциплина |
Изотопная геохимия |
| 952 |
Тип литературы |
__ |
| i |
Дисциплина |
Геология и геохимия горючих ископаемых |
| 952 |
Тип литературы |
__ |
| i |
Дисциплина |
Общая геохимия |
| 952 |
Тип литературы |
__ |
| i |
Дисциплина |
Прикладная геохимия |
| 952 |
Тип литературы |
__ |
| i |
Дисциплина |
Геохимическое моделирование |
| 952 |
Тип литературы |
__ |
| i |
Дисциплина |
Геохимия в нефтяной геологии |
| 952 |
Тип литературы |
__ |
| i |
Дисциплина |
Геохимия нефти и газа |
| 952 |
Тип литературы |
__ |
| i |
Дисциплина |
Геохимия осадочного процесса |
| 952 |
Тип литературы |
__ |
| i |
Дисциплина |
Изотопно-геохимические методы исследований горных пород |
| 952 |
Тип литературы |
__ |
| i |
Дисциплина |
Методы поиска и оценки месторождений полезных ископаемых |
| 952 |
Тип литературы |
__ |
| i |
Дисциплина |
Органическая геохимия |
| 952 |
Тип литературы |
__ |
| i |
Дисциплина |
Прикладная органическая геохимия |
| 952 |
Тип литературы |
__ |
| i |
Дисциплина |
Геохимия биосферы |
| 952 |
Тип литературы |
__ |
| i |
Дисциплина |
Геохимия подземных вод |
| 952 |
Тип литературы |
__ |
| i |
Дисциплина |
Геохимический анализ |
| 952 |
Тип литературы |
__ |
| i |
Дисциплина |
Геолого-промышленная оценка месторождений |
| 952 |
Тип литературы |
__ |
| i |
Дисциплина |
Предпроектные исследования минерального сырья |
| 952 |
Тип литературы |
__ |
| i |
Дисциплина |
Основы геохимии |
| 952 |
Тип литературы |
__ |
| i |
Дисциплина |
Поиски, разведка и освоение месторождений углеводородов |
| 952 |
Тип литературы |
__ |
| i |
Дисциплина |
Геохимические методы поисков МПИ |
| 952 |
Тип литературы |
__ |
| i |
Дисциплина |
Основы поисков и разведки МПИ |
| 952 |
Тип литературы |
__ |
| i |
Дисциплина |
Геохимия углеводородных систем |
| 952 |
Тип литературы |
__ |
| i |
Дисциплина |
Геохимические исследования при поисках нефти и газа |
| 952 |
Тип литературы |
__ |
| i |
Дисциплина |
геохимические исследования при поисках твердых полезных ископаемых |
| 952 |
Тип литературы |
__ |
| i |
Дисциплина |
Геология и геохимия нефтегазовых месторождений |
| 952 |
Тип литературы |
__ |
| i |
Дисциплина |
Геохимические методы поисков |
| 952 |
Тип литературы |
__ |
| i |
Дисциплина |
Геохимия литосферы |
| 952 |
Тип литературы |
__ |
| i |
Дисциплина |
Геохимия стабильных изотопов |
| 952 |
Тип литературы |
__ |
| i |
Дисциплина |
Минералогия и геохимия месторождений полезных ископаемых |
| 952 |
Тип литературы |
__ |
| i |
Дисциплина |
Методы поисков осадочных месторождений |
| 952 |
Тип литературы |
__ |
| i |
Дисциплина |
Геохимия нефти |
| 952 |
Тип литературы |
__ |
| i |
Дисциплина |
Геохимические методы поисков месторождений углеводородов |
| 952 |
Тип литературы |
__ |
| i |
Дисциплина |
Изотопно-геохимические исследования |
| 952 |
Тип литературы |
__ |
| i |
Дисциплина |
Прогнозирование и поиски месторождений полезных ископаемых |
| 952 |
Тип литературы |
__ |
| i |
Дисциплина |
Геохимические аспекты углеводородных систем |
| 952 |
Тип литературы |
__ |
| i |
Дисциплина |
Геохимический анализ в нефтегазовой геологии |
| 952 |
Тип литературы |
__ |
| i |
Дисциплина |
Интерпретация и подготовка результатов геохимических исследований при моделировании углеводородных систем |
| 952 |
Тип литературы |
__ |
| i |
Дисциплина |
Геохимические исследования и методы при поисках и разведке залежей нефти и газа |
| 952 |
Тип литературы |
__ |
| i |
Дисциплина |
Прикладная геохимия и геохимические методы поисков месторождений полезных ископаемых |
| 952 |
Тип литературы |
__ |
| i |
Дисциплина |
Геохимия. Общие вопросы |
| 952 |
Тип литературы |
__ |
| i |
Дисциплина |
Геохимические методы поисков и разведки полезных ископаемых |
| 952 |
Тип литературы |
__ |
| i |
Дисциплина |
Поиски и разведка угольных месторождений |
| 952 |
Тип литературы |
__ |
| i |
Дисциплина |
Геология месторождений углеводородного сырья |
| 952 |
Тип литературы |
__ |
| i |
Дисциплина |
Геохимические исследования при поисках и разведке нефти и газа |
| 952 |
Тип литературы |
__ |
| i |
Дисциплина |
Геохимия пород нефтегазовых бассейнов |
| 952 |
Тип литературы |
__ |
| i |
Дисциплина |
Системы разработки месторождений |
| 952 |
Тип литературы |
__ |
| i |
Дисциплина |
Геохимия изотопов |
| 952 |
Тип литературы |
__ |
| i |
Дисциплина |
Геохимия криогенных систем |
| 952 |
Тип литературы |
__ |
| i |
Дисциплина |
Геохимические поиски и методы прогноза месторождений нефти и газа |
| 952 |
Тип литературы |
__ |
| i |
Дисциплина |
Геология и геохимия природных резервуаров |
| 952 |
Тип литературы |
__ |
| i |
Дисциплина |
Геохимические методы исследования месторождений нефти и газа |
| 952 |
Тип литературы |
__ |
| i |
Дисциплина |
Геохимия природных резервуаров |
| 952 |
Тип литературы |
__ |
| i |
Дисциплина |
Геохимия стратегических металлов |
| 952 |
Тип литературы |
__ |
| i |
Дисциплина |
Особенности разведки и разработки месторождений полезных ископаемых |
| 952 |
Тип литературы |
__ |
| i |
Дисциплина |
Геология и геохимия горючих полезных ископаемых |
| 952 |
Тип литературы |
__ |
| i |
Дисциплина |
Геология и геохимия полезных ископаемых |
| 952 |
Тип литературы |
__ |
| i |
Дисциплина |
Геохимические исследования при поисках месторождений нефти и газа |